<?xml version="1.0" encoding="UTF-8"?>
<collection xmlns="http://www.loc.gov/MARC21/slim">
 <record>
  <leader>00615pamaa2200181   4500</leader>
  <controlfield tag="001">0000035157</controlfield>
  <controlfield tag="005">20190807090000.0</controlfield>
  <datafield tag="020" ind1="0" ind2="0">
   <subfield code="a">058233456X </subfield>
  </datafield>
  <datafield tag="082" ind1=" " ind2=" ">
   <subfield code="a">428.2402465 MAN</subfield>
  </datafield>
  <datafield tag="090" ind1="0" ind2="0">
   <subfield code="a">PE1128.A2 </subfield>
   <subfield code="b">MAN 2000</subfield>
  </datafield>
  <datafield tag="100" ind1="1" ind2="0">
   <subfield code="a">KEVIN </subfield>
  </datafield>
  <datafield tag="245" ind1="1" ind2="0">
   <subfield code="a">First Insights into Business : </subfield>
   <subfield code="b">1-2  </subfield>
   <subfield code="c">Sue Robbins [</subfield>
   <subfield code="m">cassette].</subfield>
  </datafield>
  <datafield tag="260" ind1="0" ind2="0">
   <subfield code="a">Essex: </subfield>
   <subfield code="b">Longman, </subfield>
   <subfield code="c">2000.</subfield>
  </datafield>
  <datafield tag="300" ind1=" " ind2=" ">
   <subfield code="a">2 Cassettes; </subfield>
   <subfield code="c">24 minutes.</subfield>
  </datafield>
  <datafield tag="500" ind1="0" ind2="0">
   <subfield code="a">To accompany textbook titled &quot;First insight into Business Workbook &quot; by Kevin Manton</subfield>
  </datafield>
  <datafield tag="500" ind1="0" ind2="0">
   <subfield code="a">Cassette 1 and cassette 2</subfield>
  </datafield>
  <datafield tag="650" ind1="0" ind2="0">
   <subfield code="a">Business language -- </subfield>
   <subfield code="x">Business English </subfield>
  </datafield>
  <datafield tag="650" ind1="0" ind2="0">
   <subfield code="a">Business language -- </subfield>
   <subfield code="x">Exercises </subfield>
  </datafield>
 </record>
</collection>
